UBT Library

ACSM's resource manual for Guidelines for exercise testing and prescription / (Record no. 43229)

000 -LEADER
fixed length control field 01118cam a22002894a 4500
001 - CONTROL NUMBER
control field 12241730
005 - DATE AND TIME OF LATEST TRANSACTION
control field 20180223065942.0
008 - FIXED-LENGTH DATA ELEMENTS--GENERAL INFORMATION
fixed length control field 001127s2001 paua bf 001|0 eng
010 ## - LIBRARY OF CONGRESS CONTROL NUMBER
LC control number 00053506
020 ## - INTERNATIONAL STANDARD BOOK NUMBER
International Standard Book Number 0781725259 (pbk.)
035 ## - SYSTEM CONTROL NUMBER
System control number (DNLM)100972185
040 ## - CATALOGING SOURCE
Original cataloging agency DNLM/DLC
Transcribing agency DLC
Modifying agency DLC
041 ## - LANGUAGE CODE
Language code of text/sound track or separate title eng
042 ## - AUTHENTICATION CODE
Authentication code pcc
060 10 - NATIONAL LIBRARY OF MEDICINE CALL NUMBER
Classification number WE 103
Item number A5125g 1991 Suppl. 2001
080 ## - UNIVERSAL DECIMAL CLASSIFICATION NUMBER
Universal Decimal Classification number 615.82 ROI
082 00 - DEWEY DECIMAL CLASSIFICATION NUMBER
Classification number 615.82 ROI
Edition number 21
100 ## - Rafti
Rafti 3
101 ## - Shkurtesa
Shkurtesa SHM
245 00 - TITLE STATEMENT
Title ACSM's resource manual for Guidelines for exercise testing and prescription /
Statement of responsibility, etc American College of Sports Medicine ; senior editor, Jeffrey L. Roitman ; section editors, Matt Herridge ... [et al.].
246 30 - VARYING FORM OF TITLE
Title proper/short title Resource manual for Guidelines for exercise testing and prescription
504 ## - BIBLIOGRAPHY, ETC. NOTE
Bibliography, etc Includes bibliographical references and index.
906 ## - LOCAL DATA ELEMENT F, LDF (RLIN)
a 7
b cbc
c orignew
d 1
e ocip
f 20
g y-gencatlg
942 ## - ADDED ENTRY ELEMENTS (KOHA)
Source of classification or shelving scheme
Item type Books
Holdings
Withdrawn status Lost status Source of classification or shelving scheme Damaged status Not for loan Collection code Permanent location Current location Shelving location Date acquired Total Checkouts Full call number Barcode Date last seen Price effective from Koha item type
          Koleksioni i përgjithshem UBT - Lipjan UBT - Lipjan Koleksioni i përgjithshem 02/23/2018   615.82 ROI 002-2999589 02/23/2018 02/23/2018 Books
UBT Library © 2015-2024. All rights reserved University Education for Business and Technology